| 000 | 00747nam a2200217Ia 4500 | ||
|---|---|---|---|
| 001 | 1499 | ||
| 003 | GE_BSU | ||
| 008 | 181216s||||||||xx |||||||||||||| ||und|| | ||
| 020 | _a5100004266 | ||
| 040 | _cGE_BSU | ||
| 080 | _a633(075.8):631.151.2(075.8) | ||
| 245 | _aИнтенсивные технологии возделывания сельско-хозяйственных культур. | ||
| 245 | _bУч-е пособие для студ. | ||
| 260 | _aМосква | ||
| 260 | _bАгропромиздат | ||
| 260 | _c1988 | ||
| 300 | _a301 с. 20 см. | ||
| 541 | _h7 л. | ||
| 653 | _aИнтенсивные технологии возделывания сельско-хозяйственных культур. | ||
| 942 | _cBK | ||
| 999 |
_c35629 _d35629 |
||